=LDR 00000nam 2200000 4500 =001 INLIS000000000040066 =005 20130612145643 =008 ***********************************Ind** =035 ##$$a0010-061300000040066 =041 ##$$a Ind =082 ##$$a 813.083 =090 ##$$a 813.083, Mel b.2 =100 ##$$a Emma Mclaughlin =245 ##$$a The Nanny Diaries =260 ##$$a 2003 $b Jakarta =300 ##$$a 406 hlm, 18 cm =700 ##$$a Siska Yuanita =850 ##$$a NBPNMAT =990 ##$$a 21400613/BPAP-NTB/20142014